00922 a2200181 45000010006000000050017000060080041000230030015000640400040000790800113001192450054002320200022002862640033003083000019003415050339003600410008006991000033007076304120260407155925.0260407a1987 arg spa dAR-UNSa-BCEJYS aAR-UNSa-BCEJYSbspacAR-UNSa-BCEJYS a37.013xTeoría general de la educación. Principios de la actividad pedagógica. Pedagogía práctica 10aEducación y palabrap(Ensayo sobre Quintiliano) a978-950-508-220-9 1aBuenos Aires :bAstreac1987 a148 p.c20 cm. a 1. Marco Fabio Quintiliano - 2. La pedagogía – 3. Entrada en la retórica – 4. De la invención – 5. Principios de la elocución – 6. La acción – 7. De los afectos – 8. Quintiliano como precursor de la tipología psicoverbal – 9. Crítica literaria – 10. Retórica y filosofía – 11. Retórica y derecho aspa1 aFernández, Alberto Vicente